1891 1298 1902 1871 1503 1013 1632 1458 1441 1817 1258 1414 1887 1123 1531 1288 1013 1111 1309 1579 1730 1688 1661 1037 1169 1889 1203 1129 1946 1597 1053 1899 1471 1981 1993 1592 1152 1084 1426 1916 1976 1023 1106 1268 1406 1529 1749 1525 1438 2000 1066 1153 1871 1032 1359 1893 1752 1512 1069 1911 1644 1934 1868 1613 1966 1738 1202 1251 1128 1370 1232 1821 1178 1843 1113 1723 1192 1150 1115 1367 1375 1113 1995 1651 1648 1611 1283 1865 1765 1709 1460 1635 1088 1712 1548 1285 1183 1501 1763 BCNSPRNW ULIB Ver.6.0+V

เปลี่ยนเป็นภาษาไทย

Change to English
 แสดงรายละเอียดบรรณานุกรม
  กลับหน้าหลัก

Brief Record : Get Marc (ISO 2709) : E-mail record : QR code < ปิดหน้าต่าง
LEADER : 00000nam 2200000uu 4500
001    13399121896
003     ULIB
008    111207s2551||||th 000 0 tha d
020    ^a9789740677154
090    ^aนว.^bว457ร
100 0  ^aVava
245 00 ^aร้ายนักรักนี้/^cVava
250    ^aพิมพ์ครั้งที่ 1
260    ^aกรุงเทพฯ :^bปริ๊นเซส,^c2551
300    ^a551 หน้า
710 1  ^aปริ๊นเซส
945    ^p300^l0^i16313
995    ^aทศพร
999 ^a ทศพร
รายการนี้ยังไม่มีแท็ก
คุณยังไม่ได้ล็อกอิน คุณสามารถมีกิจกรรมร่วมกับเว็บไซต์ได้ แต่ต้องล็อกอินก่อน ::
  ล็อกอิน

รายการสื่อสารสนเทศ

ลำดับที่ ประเภท เลขเรียก/บาร์โค้ด สถานที่ สถานะ
1. นวนิยาย
นวนิยาย
นว. ว457ร ฉ.1 
  Barcode: 16313
ห้องสมุดวิทยาเขตสวรรค์ประชารักษ์
►นวนิยาย
บนชั้น
  ขอยืม

BibComment


ยังไม่เคยถูกคอมเมนท์

คอมเมนท์ทรัพยากรรายการนี้
  คอมเมนท์: ร้ายนักรักนี้ Vava


 Copyright 2026. Bcnsprnw @Library